000 00378nam a2200157Ia 4500
008 221030s9999 xx 000 0 und d
020 _a8188114154
041 _aEnglish
082 _a105.23
100 _aF. Hussain
245 2 _aA Text Book of Signals & Systems
_cby F. Hussain
260 _bUmesh Pub.
_aDelhi
_c2011
300 _a706
650 _aBE Computer
942 _cBK
999 _c9394
_d9394